Statistics for Countries Beginning with T

Click here to take the quiz!

General Stats

  • This quiz has been taken 20 times
  • The average score is 9 of 11

Answer Stats

HintAnswer% Correct
AfricaTanzania
100%
AsiaTurkmenistan
100%
North AmericaTrinidad and Tobago
95%
AsiaTurkey
95%
AsiaTajikistan
90%
AsiaThailand
85%
AfricaTogo
85%
OceaniaTonga
85%
OceaniaTuvalu
85%
AfricaTunisia
70%
AsiaTimor-leste
30%

Score Distribution

Percentile by Number Answered

Percent of People with Each Score

Your Score History

You have not taken this quiz